Culture Générale - Série 1720 - Statistiques

Statistiques générales
  • Ce quiz a été pris 115 fois
  • Le résultat moyen est 6 sur 10
Statistiques - réponses
Question Réponse % Correct
Quelle est la langue la plus parlée au monde ? chinois
90%
Quelle ville est la préfecture de la Haute-Corse (2B) ? Bastia
85%
Quelle est la capitale du Liechtenstein ? Vaduz
78%
De quelle nouvelle région le Haut-Rhin fait-il partie ? Grand Est
72%
À quel département l'île d'Oléron est-elle rattachée ? Charente-Maritime
69%
Quel est le pays d'Afrique noire le plus touristique ? Afrique du Sud
63%
Quel est le code Insee du Bas-Rhin ? 67
62%
Dans le roman "Les Misérables", dans quel grand jardin parisien Cosette avait-elle l'habitude de se promener avec Jean Valjean ? Luxembourg
53%
Quel est le prénom du réalisateur américain des films "Lolita" et "Docteur Folamour" ? Stanley
32%
Dans quelle ville d'Allemagne la Moselle rejoint-elle le Rhin ? Coblence
10%
Aucun quiz correspondant
Distribution des résultats
% des personnes avec chaque résultat
Percentile par nombre de réponses
Votre historique - résultats
Vous n’avez pas pris ce quiz